[Event "NB I. Charousek csoport"]
[Site "Szombathely"]
[Date "2024.03.10"]
[Round "8.6"]
[White "Egri, Laszlo Jr"]
[Black "Glatt, Gabor"]
[Result "1/2-1/2"]
[WhiteElo "2241"]
[BlackElo "2169"]
[PlyCount "40"]
[EventDate "2023.10.08"]
[EventType "team-tourn"]
[EventRounds "11"]
[EventCountry "HUN"]
[Source "chess.hu"]
[WhiteTeam "Haladas VSE II."]
[BlackTeam "Balatonfuredi SC"]
[WhiteTeamCountry "HUN"]
[BlackTeamCountry "HUN"]

1. Nf3 Nf6 2. c4 g6 3. g3 Bg7 4. Bg2 O-O 5. O-O d6 6. d4 Nbd7 7. Nc3 e5 8. h3
c6 9. e4 exd4 10. Nxd4 Qb6 11. Nc2 Ne8 12. Bd2 Ne5 13. b3 f5 14. Qe2 Nf6 15.
Na4 Qc7 16. f4 Nf7 17. exf5 Bxf5 18. Bc3 Rae8 19. Qd2 Be4 20. Rae1 Bxg2 1/2-1/2

[Event "NB I. Charousek csoport"]
[Site "Szombathely"]
[Date "2024.03.10"]
[Round "8.7"]
[White "Kiss, Gergely"]
[Black "Czupor, Attila"]
[Result "1-0"]
[WhiteElo "2165"]
[BlackElo "2200"]
[PlyCount "83"]
[EventDate "2023.10.08"]
[EventType "team-tourn"]
[EventRounds "11"]
[EventCountry "HUN"]
[Source "chess.hu"]
[WhiteTeam "Balatonfuredi SC"]
[BlackTeam "Haladas VSE II."]
[WhiteTeamCountry "HUN"]
[BlackTeamCountry "HUN"]

1. e4 e5 2. Nf3 Nc6 3. Bc4 Nf6 4. d3 h6 5. O-O d6 6. c3 g6 7. Ne1 Bg7 8. f4 O-O
9. Nf3 exf4 10. Bxf4 d5 11. Bb3 dxe4 12. dxe4 Qe7 13. Nbd2 Bg4 14. Qe2 Rad8 15.
Qb5 Bc8 16. Rae1 a6 17. Qe2 Nh5 18. Be3 Be6 19. Qf2 Qf6 20. Bc2 Rfe8 21. h3 Rd7
22. e5 Nxe5 23. g4 Nf4 24. Qg3 Nfd3 25. Re2 Qd8 26. Bd4 c5 27. Nxe5 Nxe5 28.
Be3 Nc4 29. Ne4 Nxe3 30. Qxe3 b6 31. b3 Rde7 32. Qf4 Rf8 33. Nf6+ Kh8 34. g5
Rd7 35. Nxd7 Qxd7 36. Rf3 h5 37. Rd2 Qc8 38. Rd6 b5 39. Kh2 b4 40. c4 Qc7 41.
Kg2 Re8 42. Rxe6 1-0

[Event "NB I. Charousek csoport"]
[Site "Szombathely"]
[Date "2024.03.10"]
[Round "8.8"]
[White "Nemeth, Denes"]
[Black "Forgacs, Attila"]
[Result "1/2-1/2"]
[WhiteElo "2181"]
[BlackElo "2050"]
[PlyCount "151"]
[EventDate "2023.10.08"]
[EventType "team-tourn"]
[EventRounds "11"]
[EventCountry "HUN"]
[Source "chess.hu"]
[WhiteTeam "Haladas VSE II."]
[BlackTeam "Balatonfuredi SC"]
[WhiteTeamCountry "HUN"]
[BlackTeamCountry "HUN"]

1. d4 Nf6 2. Nf3 g6 3. g3 Bg7 4. Bg2 O-O 5. O-O d6 6. c4 Nc6 7. Nc3 a6 8. h3
Rb8 9. e4 b5 10. cxb5 axb5 11. Qe2 b4 12. Na4 Bd7 13. b3 Qc8 14. Kh2 Na5 15.
Rd1 Bb5 16. Qc2 c5 17. e5 Nd7 18. exd6 exd6 19. Bf4 Qa6 20. dxc5 Bxa1 21. Rxa1
Bxa4 22. bxa4 Nxc5 23. Bh6 Qc4 24. Qxc4 Nxc4 25. Bxf8 Kxf8 26. Bf1 Nb2 27. a5
Ra8 28. Nd4 Nbd3 29. Bxd3 Nxd3 30. Nc6 Ra6 31. Rd1 Rxc6 32. Rxd3 Rc2 33. Kg2
Rxa2 34. Rxd6 Rxa5 35. Rb6 Ra4 36. Rb7 h5 37. g4 hxg4 38. hxg4 Kg7 39. g5 Ra5
40. Rxb4 Rxg5+ 41. Kf3 Ra5 42. Kg4 Kh6 43. Rb7 f6 44. Rb6 Ra4+ 45. f4 f5+ 46.
Kg3 Ra3+ 47. Kh4 Ra1 48. Kg3 Kh5 49. Rb3 Rg1+ 50. Kf3 Kh4 51. Rb6 Kh5 52. Rb8
Kh6 53. Rb7 Ra1 54. Kg3 Ra3+ 55. Kh4 Rf3 56. Rb4 Re3 57. Rb7 Re1 58. Kg3 Re6
59. Ra7 g5 60. fxg5+ Kxg5 61. Ra4 Re3+ 62. Kf2 Rb3 63. Rc4 Rb5 64. Ra4 f4 65.
Ra3 Kg4 66. Rc3 Rb2+ 67. Kf1 Ra2 68. Rb3 f3 69. Rb8 Ra5 70. Rg8+ Rg5 71. Rxg5+
Kxg5 72. Kf2 Kf4 73. Kf1 Kg3 74. Kg1 f2+ 75. Kf1 Kf4 76. Kxf2 1/2-1/2

[Event "NB I. Charousek csoport"]
[Site "Szombathely"]
[Date "2024.03.10"]
[Round "8.9"]
[White "Vargyas, Zoltan"]
[Black "Takacs, Gergo"]
[Result "0-1"]
[WhiteElo "1951"]
[BlackElo "2200"]
[PlyCount "96"]
[EventDate "2023.10.08"]
[EventType "team-tourn"]
[EventRounds "11"]
[EventCountry "HUN"]
[Source "chess.hu"]
[WhiteTeam "Balatonfuredi SC"]
[BlackTeam "Haladas VSE II."]
[WhiteTeamCountry "HUN"]
[BlackTeamCountry "HUN"]

1. e4 c5 2. Nf3 d6 3. d4 cxd4 4. Nxd4 Nf6 5. Nc3 a6 6. Bc4 e6 7. Qe2 Qc7 8. Be3
Be7 9. O-O-O Nc6 10. Rhg1 Ne5 11. Bb3 b5 12. f4 Neg4 13. Bd2 Qc5 14. Nf3 b4 15.
Na4 Qa5 16. a3 Qb5 17. Qxb5+ axb5 18. Nb6 Rb8 19. Nxc8 Rxc8 20. Bxb4 Nxe4 21.
Nd4 Ngf2 22. Nxb5 Nxd1 23. Rxd1 d5 24. Ba4 Kf8 25. Ba5 Bc5 26. Nd4 Ke7 27. g3
h5 28. Nc6+ Kf6 29. Ne5 Ra8 30. b4 Bd6 31. Bc6 Rac8 32. b5 Bxa3+ 33. Kb1 Bd6
34. Nd7+ Ke7 35. c4 dxc4 36. Bxe4 f6 37. Nb6 Rc7 38. Kc2 Ra7 39. Ra1 Rb8 40.
Nxc4 Rxb5 41. Nxd6 Raxa5 42. Rd1 Ra2+ 43. Kc3 Rc5+ 44. Kb4 Rc7 45. Nb5 Rb2+ 46.
Ka5 Rc5 47. Bd3 Rd5 48. Rb1 Rdxb5+ 0-1

[Event "NB I. Charousek csoport"]
[Site "Szombathely"]
[Date "2024.03.10"]
[Round "8.10"]
[White "Rovid, Kalman"]
[Black "Fur, Katinka"]
[Result "0-1"]
[WhiteElo "2156"]
[BlackElo "1969"]
[PlyCount "146"]
[EventDate "2023.10.08"]
[EventType "team-tourn"]
[EventRounds "11"]
[EventCountry "HUN"]
[Source "chess.hu"]
[WhiteTeam "Haladas VSE II."]
[BlackTeam "Balatonfuredi SC"]
[WhiteTeamCountry "HUN"]
[BlackTeamCountry "HUN"]

1. e4 e6 2. d4 d5 3. e5 c5 4. c3 Qb6 5. Nf3 Nc6 6. a3 c4 7. g3 Na5 8. Nbd2 Bd7
9. h4 Ne7 10. Bh3 Nc8 11. O-O Qc7 12. Ne1 Nb6 13. f4 g6 14. h5 O-O-O 15. Ndf3
Nb3 16. Rb1 Kb8 17. Ng2 a5 18. Rf2 Be7 19. Ne3 Rdf8 20. Rh2 Qd8 21. Bd2 Rfg8
22. Be1 Ka7 23. Qe2 Bc8 24. Kh1 Bd7 25. Bf2 Bc8 26. Rf1 Bd7 27. Be1 Nc1 28. Qd2
Nb3 29. Qc2 Ba4 30. Qb1 Bd7 31. Bg2 Na4 32. g4 Qe8 33. f5 gxf5 34. gxf5 h6 35.
f6 Bd8 36. Rf2 Qf8 37. Bf1 Nb6 38. Be2 Bc6 39. Bd1 Bc7 40. Bc2 Qc8 41. Qd1 a4
42. Qb1 Nd7 43. Rh3 Nf8 44. Rf1 Bb6 45. Bg3 Bc7 46. Bf4 Nd7 47. Rh4 Qb8 48. Ng4
Rxg4 49. Rxg4 Nxf6 50. exf6 Bxf4 51. Bxb3 cxb3 52. Ng1 e5 53. Nh3 Bd7 54. Qd1
Bxg4 55. Qxg4 Rg8 56. Qd7 Qc8 57. Qxc8 Rxc8 58. Nxf4 exf4 59. Rxf4 Re8 60. Rf5
Re1+ 61. Kg2 Re2+ 62. Kf3 Rxb2 63. Rxd5 Kb6 64. c4 Ra2 65. Rb5+ Kc7 66. Ke4
Rxa3 67. Kd5 Ra2 68. Rc5+ Kd7 69. Rb5 Kc7 70. Rc5+ Kb8 71. Rb5 Rf2 72. Rb4 b2
73. c5 Kc7 0-1

[Event "NB I. Charousek csoport"]
[Site "Szombathely"]
[Date "2024.03.10"]
[Round "8.11"]
[White "Kun, Balint"]
[Black "Gombocz, Zsofia"]
[Result "1-0"]
[WhiteElo "1948"]
[BlackElo "2096"]
[PlyCount "77"]
[EventDate "2023.10.08"]
[EventType "team-tourn"]
[EventRounds "11"]
[EventCountry "HUN"]
[Source "chess.hu"]
[WhiteTeam "Balatonfuredi SC"]
[BlackTeam "Haladas VSE II."]
[WhiteTeamCountry "HUN"]
[BlackTeamCountry "HUN"]

1. e4 e5 2. Nf3 Nc6 3. Bb5 a6 4. Ba4 Nf6 5. O-O Be7 6. Re1 b5 7. Bb3 d6 8. c3
O-O 9. d4 Bg4 10. Be3 Re8 11. Nbd2 h6 12. Nf1 exd4 13. cxd4 d5 14. e5 Ne4 15.
h3 Bh5 16. Ng3 Bg6 17. a3 Nxg3 18. fxg3 Na5 19. Bc2 Bxc2 20. Qxc2 Nc4 21. Bc1
Bf8 22. b3 Nb6 23. Bd2 Rc8 24. Bb4 Re6 25. Re3 Nd7 26. Bc5 Bxc5 27. dxc5 Qe7
28. b4 Nxe5 29. Nd4 Nc4 30. Rxe6 fxe6 31. a4 Qf6 32. Qf2 Qxf2+ 33. Kxf2 e5 34.
Nc6 Rf8+ 35. Ke2 d4 36. axb5 axb5 37. Ra7 Rf7 38. Ra8+ Kh7 39. Re8 1-0

[Event "NB I. Charousek csoport"]
[Site "Szombathely"]
[Date "2024.03.10"]
[Round "8.12"]
[White "Apro, Barnabas"]
[Black "Palla, Gyorgy"]
[Result "1-0"]
[WhiteElo "2026"]
[BlackElo "1981"]
[PlyCount "69"]
[EventDate "2023.10.08"]
[EventType "team-tourn"]
[EventRounds "11"]
[EventCountry "HUN"]
[Source "chess.hu"]
[WhiteTeam "Haladas VSE II."]
[BlackTeam "Balatonfuredi SC"]
[WhiteTeamCountry "HUN"]
[BlackTeamCountry "HUN"]

1. e4 c5 2. Nf3 d6 3. Bb5+ Bd7 4. Bxd7+ Qxd7 5. c4 Nc6 6. Nc3 g6 7. O-O Bg7 8.
d3 Nh6 9. h3 f5 10. Re1 O-O 11. Qe2 Nd4 12. Nxd4 cxd4 13. Nb5 f4 14. f3 e5 15.
b4 a6 16. Na3 b5 17. Bd2 Nf7 18. Rec1 g5 19. c5 h5 20. Rc2 Rac8 21. Rac1 Nh6
22. Be1 g4 23. cxd6 Rxc2 24. Qxc2 gxf3 25. Qc6 Qxc6 26. Rxc6 fxg2 27. Bh4 f3
28. d7 Nf7 29. Rc8 Bh6 30. Nc2 Kg7 31. Rxf8 Kxf8 32. d8=Q+ Nxd8 33. Bxd8 Kf7
34. Bh4 Kg6 35. Ne1 1-0

[Event "NB I. Charousek csoport"]
[Site "Gyor"]
[Date "2024.03.10"]
[Round "8.1"]
[White "Galyas, Miklos"]
[Black "Vertetics, Attila"]
[Result "1/2-1/2"]
[WhiteElo "2396"]
[BlackElo "2445"]
[PlyCount "21"]
[EventDate "2023.10.08"]
[EventType "team-tourn"]
[EventRounds "11"]
[EventCountry "HUN"]
[Source "chess.hu"]
[WhiteTeam "Tuxera ANSK II."]
[BlackTeam "Gyori Elektromos"]
[WhiteTeamCountry "HUN"]
[BlackTeamCountry "HUN"]

1. Nf3 d5 2. e3 Nf6 3. c4 c6 4. Nc3 a6 5. h3 Nbd7 6. cxd5 cxd5 7. d4 e6 8. Bd3
b5 9. O-O Bb7 10. Bd2 Bd6 11. a3 1/2-1/2

[Event "NB I. Charousek csoport"]
[Site "Gyor"]
[Date "2024.03.10"]
[Round "8.2"]
[White "Ezsol, Miklos"]
[Black "Bodo, Norbert"]
[Result "1/2-1/2"]
[WhiteElo "2326"]
[BlackElo "2397"]
[PlyCount "21"]
[EventDate "2023.10.08"]
[EventType "team-tourn"]
[EventRounds "11"]
[EventCountry "HUN"]
[Source "chess.hu"]
[WhiteTeam "Gyori Elektromos"]
[BlackTeam "Tuxera ANSK II."]
[WhiteTeamCountry "HUN"]
[BlackTeamCountry "HUN"]

1. e4 c6 2. d4 d5 3. Nd2 dxe4 4. Nxe4 Nf6 5. Nxf6+ exf6 6. Nf3 Bd6 7. Be2 O-O
8. O-O Re8 9. Re1 Nd7 10. c4 Nf8 11. Be3 1/2-1/2

[Event "NB I. Charousek csoport"]
[Site "Gyor"]
[Date "2024.03.10"]
[Round "8.3"]
[White "Krutti, Valer"]
[Black "Farkas, Lajos Dr"]
[Result "1/2-1/2"]
[WhiteElo "2251"]
[BlackElo "2179"]
[PlyCount "128"]
[EventDate "2023.10.08"]
[EventType "team-tourn"]
[EventRounds "11"]
[EventCountry "HUN"]
[Source "chess.hu"]
[WhiteTeam "Tuxera ANSK II."]
[BlackTeam "Gyori Elektromos"]
[WhiteTeamCountry "HUN"]
[BlackTeamCountry "HUN"]

1. d4 b5 2. Nf3 Bb7 3. Bg5 Nf6 4. e3 a6 5. Bd3 d5 6. Nbd2 Nbd7 7. c3 c5 8. a3
Qb6 9. O-O Ne4 10. Bf4 e6 11. Bc2 Bd6 12. Bxd6 Nxd6 13. Qb1 Nc4 14. Rd1 h6 15.
Nf1 O-O 16. Ng3 a5 17. b3 Nd6 18. b4 axb4 19. axb4 Rxa1 20. Qxa1 cxb4 21. cxb4
Nc4 22. Qc3 Ra8 23. Ne1 Qd6 24. Ne2 Ra3 25. Bb3 Ndb6 26. Nd3 Qb8 27. Nc5 Na4
28. Qc2 Nxc5 29. dxc5 Bc6 30. Nd4 Be8 31. h3 Ne5 32. Qb2 Ra7 33. Qc3 Nc6 34.
Nxc6 Bxc6 35. f4 Ra3 36. Qb2 Qa8 37. Rd2 Ra1+ 38. Rd1 Ra3 39. Rb1 Ra7 40. Qd4
Ra3 41. Kh2 Ra7 42. Rf1 Ra3 43. Bc2 Ra2 44. Bb1 Ra3 45. Rf3 f6 46. Rg3 Kf7 47.
Qd1 Ra7 48. Qh5+ Kf8 49. Qg6 Qe8 50. Qc2 Qf7 51. Qb2 Qc7 52. Qc2 Qf7 53. Qd2
Qc7 54. Qd3 Qf7 55. Bc2 Rd7 56. Qd1 Qe7 57. Qd3 Qf7 58. Qd2 Qe7 59. Bd3 Ra7 60.
Qe2 Qb7 61. Qg4 Qf7 62. Qe2 Qb7 63. Bb1 Qc7 64. Bd3 Qb7 1/2-1/2

[Event "NB I. Charousek csoport"]
[Site "Gyor"]
[Date "2024.03.10"]
[Round "8.4"]
[White "Schmikli, Laszlo"]
[Black "Demeter, Dorina"]
[Result "1-0"]
[WhiteElo "2165"]
[BlackElo "2296"]
[PlyCount "101"]
[EventDate "2023.10.08"]
[EventType "team-tourn"]
[EventRounds "11"]
[EventCountry "HUN"]
[Source "chess.hu"]
[WhiteTeam "Gyori Elektromos"]
[BlackTeam "Tuxera ANSK II."]
[WhiteTeamCountry "HUN"]
[BlackTeamCountry "HUN"]

1. f4 d5 2. Nf3 Bg4 3. Ne5 Bf5 4. c4 f6 5. Nf3 d4 6. g3 Nc6 7. Bg2 e5 8. Qb3
Nge7 9. fxe5 fxe5 10. Qxb7 Rb8 11. Qa6 e4 12. Ng5 Nb4 13. Qa4+ Bd7 14. Qd1 d3
15. O-O Nf5 16. Nxe4 Nc2 17. exd3 Nxa1 18. b3 Be6 19. Bb2 Qxd3 20. Bxa1 Be7 21.
Be5 O-O 22. Bxc7 Rbc8 23. Bf4 h6 24. Qe1 Nd4 25. Nbc3 g5 26. Qe3 Qxe3+ 27. Bxe3
Rxf1+ 28. Bxf1 Nf3+ 29. Kg2 Rf8 30. Bf2 h5 31. d4 h4 32. h3 g4 33. hxg4 Bxg4
34. gxh4 Nxh4+ 35. Bxh4 Bxh4 36. Be2 Bf5 37. Bf3 Be1 38. Bd1 Kg7 39. d5 Re8 40.
Nd6 Rg8 41. Nde4 Bxe4+ 42. Nxe4 Kf7+ 43. Kf1 Bb4 44. Bf3 Rd8 45. Kf2 Rh8 46. c5
Rh2+ 47. Bg2 Rh5 48. c6 Rf5+ 49. Ke3 Ke7 50. c7 Rf8 51. Bh3 1-0

[Event "NB I. Charousek csoport"]
[Site "Gyor"]
[Date "2024.03.10"]
[Round "8.5"]
[White "Orso, Miklos"]
[Black "Borzsei, Andras"]
[Result "1/2-1/2"]
[WhiteElo "2161"]
[BlackElo "2126"]
[PlyCount "48"]
[EventDate "2023.10.08"]
[EventType "team-tourn"]
[EventRounds "11"]
[EventCountry "HUN"]
[Source "chess.hu"]
[WhiteTeam "Tuxera ANSK II."]
[BlackTeam "Gyori Elektromos"]
[WhiteTeamCountry "HUN"]
[BlackTeamCountry "HUN"]

1. d4 d5 2. Nf3 Nf6 3. c4 c6 4. Nbd2 Bf5 5. g3 e6 6. Bg2 Nbd7 7. O-O Be7 8. b3
h6 9. Bb2 O-O 10. a3 a5 11. Ne5 Be4 12. Nxe4 Nxe4 13. Nd3 Nd6 14. Rc1 Ra7 15.
c5 Nb5 16. e3 Bf6 17. a4 Nc7 18. Qd2 Re8 19. Bc3 Qa8 20. f4 Bd8 21. Rc2 Nf6 22.
Nf2 Nd7 23. Nd3 Nf6 24. Nf2 Nd7 1/2-1/2

[Event "NB I. Charousek csoport"]
[Site "Gyor"]
[Date "2024.03.10"]
[Round "8.6"]
[White "Solymosi, Istvan"]
[Black "Bodo, Bence"]
[Result "0-1"]
[WhiteElo "2099"]
[BlackElo "2262"]
[PlyCount "98"]
[EventDate "2023.10.08"]
[EventType "team-tourn"]
[EventRounds "11"]
[EventCountry "HUN"]
[Source "chess.hu"]
[WhiteTeam "Gyori Elektromos"]
[BlackTeam "Tuxera ANSK II."]
[WhiteTeamCountry "HUN"]
[BlackTeamCountry "HUN"]

1. d4 Nf6 2. c4 e6 3. Nc3 d5 4. Nf3 dxc4 5. e3 Be7 6. Bxc4 a6 7. a4 O-O 8. O-O
b6 9. e4 Bb7 10. Qe2 c5 11. dxc5 Bxc5 12. Bg5 Be7 13. Rfd1 Nfd7 14. Bf4 Qe8 15.
Rac1 Nc6 16. Qd2 Nc5 17. Qe2 Rc8 18. h3 Na5 19. Ba2 Nxa4 20. Ne5 Nxc3 21. bxc3
Ba3 22. Rc2 Qa4 23. Rd4 Qe8 24. Nd7 Bc5 25. Rd1 Bc6 26. Nxc5 bxc5 27. Bd6 Ba4
28. Bxf8 Qxf8 29. Rcd2 Bxd1 30. Rxd1 c4 31. Rd4 Qc5 32. e5 Nb3 33. Rh4 g6 34.
Qe4 Qd5 35. Qe3 Rc5 36. Qh6 Qxe5 37. Qxh7+ Kf8 38. g3 Qxc3 39. Qh6+ Ke7 40. Rf4
Qa1+ 41. Kg2 Qxa2 42. Qh4+ g5 43. Rxf7+ Kxf7 44. Qh7+ Ke8 45. Qg8+ Ke7 46. Qg7+
Kd6 47. Qf8+ Kc6 48. Qe8+ Kb6 49. Qxe6+ Ka5 0-1

[Event "NB I. Charousek csoport"]
[Site "Gyor"]
[Date "2024.03.10"]
[Round "8.8"]
[White "Jozsa, Csaba"]
[Black "Varga, Richard"]
[Result "0-1"]
[WhiteElo "2142"]
[BlackElo "2035"]
[PlyCount "62"]
[EventDate "2023.10.08"]
[EventType "team-tourn"]
[EventRounds "11"]
[EventCountry "HUN"]
[Source "chess.hu"]
[WhiteTeam "Gyori Elektromos"]
[BlackTeam "Tuxera ANSK II."]
[WhiteTeamCountry "HUN"]
[BlackTeamCountry "HUN"]

1. e4 e5 2. Nf3 Nc6 3. d4 exd4 4. Nxd4 Bc5 5. Nxc6 Qf6 6. Qd2 dxc6 7. Bd3 Ne7
8. O-O Ng6 9. Kh1 Ne5 10. f4 Nxd3 11. Qxd3 Bd7 12. Nc3 O-O-O 13. Qg3 h5 14. Be3
h4 15. Qf2 Bxe3 16. Qxe3 h3 17. g3 Kb8 18. Rf2 Bc8 19. e5 Qe7 20. Ne4 b6 21.
Ng5 c5 22. Re1 Rd4 23. Kg1 Qd7 24. e6 fxe6 25. Qxe6 Qb5 26. Qg6 Rhd8 27. Rfe2
Rd1 28. Qe4 Bb7 29. Qe7 Qc6 30. Ne4 Rxe1+ 31. Rxe1 Re8 0-1

[Event "NB I. Charousek csoport"]
[Site "Gyor"]
[Date "2024.03.10"]
[Round "8.9"]
[White "Sipos, Janos"]
[Black "Kiss, Balazs"]
[Result "1/2-1/2"]
[WhiteElo "2179"]
[BlackElo "1974"]
[PlyCount "78"]
[EventDate "2023.10.08"]
[EventType "team-tourn"]
[EventRounds "11"]
[EventCountry "HUN"]
[Source "chess.hu"]
[WhiteTeam "Tuxera ANSK II."]
[BlackTeam "Gyori Elektromos"]
[WhiteTeamCountry "HUN"]
[BlackTeamCountry "HUN"]

1. c4 c6 2. Nf3 d5 3. g3 Nf6 4. Bg2 e6 5. O-O Bd6 6. b3 O-O 7. Bb2 Nbd7 8. d3
Qe7 9. Nbd2 e5 10. e4 d4 11. Qe2 Nc5 12. Nh4 g6 13. Rae1 a5 14. h3 b5 15. Kh2
Nh5 16. Bc1 Ng7 17. Nb1 f6 18. Bh6 Bd7 19. Qd1 b4 20. f4 a4 21. Re2 axb3 22.
axb3 Ra1 23. fxe5 Bxe5 24. Nf3 Rfa8 25. Nxe5 fxe5 26. Ref2 Be6 27. h4 R1a2 28.
Bg5 Qd7 29. Rxa2 Rxa2 30. Qf3 h5 31. Qf8+ Kh7 32. Qxc5 Rxg2+ 33. Kxg2 Bh3+ 34.
Kg1 Qg4 35. Qxe5 Qe2 36. Rf2 Qe1+ 37. Kh2 Qxf2+ 38. Kxh3 Qf1+ 39. Kh2 Qf2+
1/2-1/2

[Event "NB I. Charousek csoport"]
[Site "Gyor"]
[Date "2024.03.10"]
[Round "8.10"]
[White "Papai, Mate"]
[Black "Babits, Andras"]
[Result "1-0"]
[WhiteElo "1887"]
[BlackElo "2055"]
[PlyCount "77"]
[EventDate "2023.10.08"]
[EventType "team-tourn"]
[EventRounds "11"]
[EventCountry "HUN"]
[Source "chess.hu"]
[WhiteTeam "Gyori Elektromos"]
[BlackTeam "Tuxera ANSK II."]
[WhiteTeamCountry "HUN"]
[BlackTeamCountry "HUN"]

1. d4 Nf6 2. c4 c5 3. d5 b5 4. cxb5 e6 5. Nc3 exd5 6. Nxd5 Bb7 7. Nxf6+ Qxf6 8.
Nf3 a6 9. bxa6 Nxa6 10. Bd2 Nb4 11. Bc3 Qf5 12. Bxb4 cxb4 13. e3 Be7 14. Bd3
Qd5 15. e4 Qe6 16. O-O Rxa2 17. Rxa2 Qxa2 18. Ne5 Qe6 19. f4 O-O 20. Bc4 Bc5+
21. Kh1 Qe7 22. Qxd7 Bxe4 23. Qxe7 Bxe7 24. Re1 Ba8 25. Nxf7 Bh4 26. Re3 g6 27.
Rh3 Be1 28. Ng5+ Kg7 29. Ne6+ Kg8 30. Nxf8+ Kxf8 31. Rxh7 Be4 32. Rh8+ Ke7 33.
Kg1 Bc2 34. Bb5 Kd6 35. Kh1 Kc5 36. Be2 Bd2 37. Rc8+ Kd4 38. Rxc2 Bxf4 39. Rc4+
1-0

[Event "NB I. Charousek csoport"]
[Site "Gyor"]
[Date "2024.03.10"]
[Round "8.11"]
[White "Beznicza, Mira"]
[Black "Steiner, Botond"]
[Result "1-0"]
[WhiteElo "1801"]
[BlackElo "1917"]
[PlyCount "63"]
[EventDate "2023.10.08"]
[EventType "team-tourn"]
[EventRounds "11"]
[EventCountry "HUN"]
[Source "chess.hu"]
[WhiteTeam "Tuxera ANSK II."]
[BlackTeam "Gyori Elektromos"]
[WhiteTeamCountry "HUN"]
[BlackTeamCountry "HUN"]

1. e4 c5 2. Nc3 e6 3. g3 Nc6 4. Bg2 Nf6 5. d3 Be7 6. Nge2 a6 7. h3 Qc7 8. O-O
O-O 9. Be3 d6 10. f4 Rb8 11. g4 b5 12. Qd2 b4 13. Nd1 e5 14. f5 Nd4 15. Ng3 Nd7
16. g5 f6 17. g6 Bb7 18. Nf2 c4 19. c3 bxc3 20. bxc3 Nc6 21. Ng4 Rfc8 22. Nh5
Bf8 23. Rf3 cxd3 24. Bh6 Na5 25. Rxd3 Nc4 26. Qc1 Nc5 27. Rg3 hxg6 28. Ngxf6+
Kh8 29. Rxg6 Nd3 30. Bxg7+ Bxg7 31. Qh6+ Bxh6 32. Rxh6+ 1-0

[Event "NB I. Charousek csoport"]
[Site "Gyor"]
[Date "2024.03.10"]
[Round "8.12"]
[White "Illes-Nagy, Nora"]
[Black "Beznicza, Laszlo Bodo"]
[Result "1-0"]
[WhiteElo "1757"]
[BlackElo "1763"]
[PlyCount "57"]
[EventDate "2023.10.08"]
[EventType "team-tourn"]
[EventRounds "11"]
[EventCountry "HUN"]
[Source "chess.hu"]
[WhiteTeam "Gyori Elektromos"]
[BlackTeam "Tuxera ANSK II."]
[WhiteTeamCountry "HUN"]
[BlackTeamCountry "HUN"]

1. d4 Nf6 2. c4 g6 3. Nc3 d6 4. e4 Bg7 5. Be2 c6 6. d5 Nfd7 7. Be3 Nc5 8. Bd4
Bxd4 9. Qxd4 O-O 10. Nf3 cxd5 11. exd5 a5 12. h4 h5 13. Nd2 e5 14. Qe3 Kg7 15.
Nde4 Nxe4 16. Nxe4 Bf5 17. f3 Nd7 18. Nxd6 Qc7 19. Nxf5+ gxf5 20. Qg5+ Kh8 21.
Qxh5+ Kg7 22. Qxf5 Rg8 23. h5 Kh6 24. Bd3 Rg7 25. g4 Rh8 26. Rg1 f6 27. g5+
fxg5 28. Qe6+ Kxh5 29. Rh1# 1-0

[Event "NB I. Charousek csoport"]
[Site "Zalaegerszeg"]
[Date "2024.03.10"]
[Round "8.1"]
[White "Videki, Sandor"]
[Black "Horvath, Adam"]
[Result "1/2-1/2"]
[WhiteElo "2336"]
[BlackElo "2440"]
[PlyCount "137"]
[EventDate "2023.10.08"]
[EventType "team-tourn"]
[EventRounds "11"]
[EventCountry "HUN"]
[Source "chess.hu"]
[WhiteTeam "ASE II. Paks"]
[BlackTeam "Z.Csuti-Hydrocomp SK"]
[WhiteTeamCountry "HUN"]
[BlackTeamCountry "HUN"]

1. Nf3 c5 2. c4 Nc6 3. d4 cxd4 4. Nxd4 Nf6 5. Nc3 e6 6. Bf4 d5 7. cxd5 Nxd5 8.
Nxc6 bxc6 9. Bd2 Bb4 10. Qc2 O-O 11. g3 Qa5 12. Bg2 Ba6 13. O-O Rab8 14. Rfd1
Bxc3 15. Bxc3 Nxc3 16. bxc3 c5 17. Bf3 h6 18. Kg2 Rb6 19. Rd2 Bb5 20. Qc1 Rfb8
21. h4 Qa4 22. Kh2 Kf8 23. e3 Bc4 24. Kg2 Ke7 25. Kh2 g5 26. hxg5 hxg5 27. e4
Rg8 28. Qe1 g4 29. Bg2 e5 30. Qe3 Qc6 31. Kg1 Qc7 32. Rad1 Rgg6 33. Bf1 Be6 34.
a4 Rb8 35. Bb5 Rh8 36. Rd7+ Bxd7 37. Rxd7+ Qxd7 38. Bxd7 Kxd7 39. Qxc5 Rc8 40.
Qxe5 Rcc6 41. Qd4+ Ke8 42. Qxa7 Rxc3 43. Qa8+ Ke7 44. Qb7+ Ke8 45. Qb8+ Kd7 46.
Qb5+ Rcc6 47. Kg2 Ke7 48. a5 Kf8 49. Qd5 Kg8 50. e5 Kf8 51. Qd4 Kg8 52. Qb4 Kg7
53. Qb3 Kg8 54. Kg1 Rce6 55. Qd5 Kg7 56. Qb5 Rh6 57. Qe2 Rhg6 58. Kg2 Ra6 59.
Qb5 Rac6 60. Qb2 Kg8 61. Qd4 Kf8 62. f4 Rc2+ 63. Kg1 Rgc6 64. Qd8+ Kg7 65. Qg5+
Kf8 66. Qd8+ Kg7 67. Qg5+ Kf8 68. Qd8+ Kg7 69. Qg5+ 1/2-1/2

[Event "NB I. Charousek csoport"]
[Site "Zalaegerszeg"]
[Date "2024.03.10"]
[Round "8.2"]
[White "Meszaros, Tamas"]
[Black "Molnar, Bela"]
[Result "1-0"]
[WhiteElo "2373"]
[BlackElo "2293"]
[PlyCount "79"]
[EventDate "2023.10.08"]
[EventType "team-tourn"]
[EventRounds "11"]
[EventCountry "HUN"]
[Source "chess.hu"]
[WhiteTeam "Z.Csuti-Hydrocomp SK"]
[BlackTeam "ASE II. Paks"]
[WhiteTeamCountry "HUN"]
[BlackTeamCountry "HUN"]

1. e4 e6 2. d3 d5 3. Nd2 c5 4. Ngf3 Nc6 5. g3 g6 6. Bg2 Bg7 7. O-O Nge7 8. Re1
b6 9. exd5 exd5 10. d4 O-O 11. dxc5 bxc5 12. Nb3 Qb6 13. Be3 d4 14. Bg5 Be6 15.
Bxe7 Nxe7 16. Ng5 Rac8 17. Nxe6 fxe6 18. Bh3 Nf5 19. Qe2 c4 20. Nd2 d3 21. cxd3
Nd4 22. Qe3 Qxb2 23. Nxc4 Rxc4 24. dxc4 Nf3+ 25. Kg2 Nxe1+ 26. Rxe1 Bd4 27.
Bxe6+ Kg7 28. Re2 Qb6 29. Qe4 Bxf2 30. Qe5+ Rf6 31. Bd5 Bd4 32. Qe7+ Kh6 33.
Re4 Rf2+ 34. Kh3 Bf6 35. Qf8+ Kh5 36. Rh4+ Bxh4 37. Bf3+ Rxf3 38. Qxf3+ Kh6 39.
Qf8+ Kg5 40. Qf4+ 1-0

[Event "NB I. Charousek csoport"]
[Site "Zalaegerszeg"]
[Date "2024.03.10"]
[Round "8.3"]
[White "Forgacs, Attila Jr"]
[Black "Horvath, Tamas"]
[Result "1/2-1/2"]
[WhiteElo "2267"]
[BlackElo "2292"]
[PlyCount "68"]
[EventDate "2023.10.08"]
[EventType "team-tourn"]
[EventRounds "11"]
[EventCountry "HUN"]
[Source "chess.hu"]
[WhiteTeam "ASE II. Paks"]
[BlackTeam "Z.Csuti-Hydrocomp SK"]
[WhiteTeamCountry "HUN"]
[BlackTeamCountry "HUN"]

1. e4 c5 2. Nf3 Nc6 3. d4 cxd4 4. Nxd4 e5 5. Nb5 d6 6. N1c3 a6 7. Na3 b5 8. Nd5
Nf6 9. g3 Be7 10. Bg2 O-O 11. O-O Nxd5 12. exd5 Nb8 13. f4 Nd7 14. c4 Rb8 15.
Be3 b4 16. Nc2 b3 17. Ne1 bxa2 18. Rxa2 exf4 19. Bxf4 Qb6+ 20. Kh1 Ne5 21. Bxe5
dxe5 22. Nd3 Qd4 23. Ra4 e4 24. Nf4 Qe5 25. b3 f5 26. Qc2 Bc5 27. Rb1 Qd6 28.
Qc3 Bd7 29. Ra2 Bb4 30. Qd4 a5 31. Rf1 Bc5 32. Qc3 Bb4 33. Qd4 Bc5 34. Qc3 Bb4
1/2-1/2